[Event "EU-chT U18"]
[Site "Terme Catez"]
[Date "2025.07.05"]
[Round "1.2"]
[White "Golubovic, Erik"]
[Black "Sowinski, Pawel"]
[Result "0-1"]
[WhiteElo "2180"]
[BlackElo "2458"]
[PlyCount "202"]
[EventDate "2025.07.05"]
[EventType "team-swiss"]
[EventRounds "7"]
[EventCountry "SLO"]
[SourceTitle "CB29_2025"]
[SourceDate "2025.07.16"]
[SourceVersion "1"]
[SourceVersionDate "2025.07.16"]
[SourceQuality "1"]
[WhiteTeam "Croatia II"]
[BlackTeam "Poland"]
[WhiteTeamCountry "CRO"]
[BlackTeamCountry "POL"]

1. d4 Nf6 2. c4 b6 3. Nf3 Bb7 4. g3 g6 5. Bg2 Bg7 6. 0-0 0-0 7. Qc2 Nc6 8. Nc3 d5 9. cxd5 Nb4 10. Qb3 Nbxd5 11. Rd1 e6 12. Bd2 Qe7 13. Rac1 Rfc8 14. Nxd5 Bxd5 15. Qa4 Nd7 16. Bb4 c5 17. dxc5 Nxc5 18. Qa3 Qb7 19. Bxc5 bxc5 20. b3 c4 21. bxc4 Bb2 22. Qa5 Be4 23. Rb1 Bxb1 24. Ng5 Qb6 25. Qxb6 axb6 26. Bxa8 Bxa2 27. Rd2 Rxa8 28. Rxb2 Bxc4 29. Rxb6 h6 30. Ne4 Ra1+ 31. Kg2 Bxe2 32. Nd2 Rd1 33. Rb2 Kg7 34. h4 Bd3 35. f3 Re1 36. Nb3 Bc4 37. Kf2 Rd1 38. Nd2 Bd5 39. Nf1 Ra1 40. Ne3 Ba8 41. Rc2 Ra3 42. Rd2 f5 43. f4 Be4 44. Rd7+ Kf8 45. Rd2 Ke7 46. Rb2 Bd3 47. Rb7+ Kf6 48. Rb2 Be4 49. Rd2 g5 50. hxg5+ hxg5 51. fxg5+ Kxg5 52. Rb2 Ra1 53. Rd2 Rb1 54. Nf1 Rb3 55. Ne3 e5 56. Ra2 f4 57. gxf4+ Kxf4 58. Nf1 Bd5 59. Rc2 e4 60. Re2 Bb7 61. Ne3 Ba6 62. Ng2+ Ke5 63. Ra2 Bb5 64. Ne3 Rb1 65. Rd2 Bd3 66. Ra2 Rb5 67. Rd2 Rb8 68. Ra2 Rf8+ 69. Ke1 Rf3 70. Nd1 e3 71. Ra5+ Kd4 72. Ra4+ Kd5 73. Ra5+ Ke6 74. Nxe3 Rxe3+ 75. Kd2 Rh3 76. Ra3 Rh2+ 77. Ke3 Bb5 78. Ra8 Ke5 79. Rb8 Rh3+ 80. Kd2 Bc4 81. Re8+ Kd4 82. Rd8+ Bd5 83. Kd1 Rh2 84. Rd7 Ke4 85. Kc1 Bc4 86. Rd2 Rh8 87. Kb2 Bd3 88. Kc3 Rc8+ 89. Kb4 Kd4 90. Rh2 Rb8+ 91. Ka3 Kc3 92. Rh4 Rb1 93. Rh2 Rb8 94. Rh4 Rb7 95. Rg4 Rh7 96. Rf4 Rb7 97. Rh4 Rb6 98. Rg4 Rb3+ 99. Ka2 Rb1 100. Rh4 Rg1 101. Rh3 Rg8 0-1

[Event "CRO Cup"]
[Site "Mali Losinj"]
[Date "2025.05.18"]
[Round "6.3"]
[White "Golubovic, Erik"]
[Black "Medancic, Rikard"]
[Result "1-0"]
[WhiteElo "2184"]
[BlackElo "2144"]
[PlyCount "89"]
[EventDate "2025.05.14"]
[EventType "team-tourn"]
[EventRounds "6"]
[EventCountry "CRO"]
[SourceTitle "CB21_2025"]
[SourceDate "2025.05.21"]
[SourceVersion "1"]
[SourceVersionDate "2025.05.21"]
[SourceQuality "1"]
[WhiteTeam "Rijeka Rijeka"]
[BlackTeam "Zagreb Agroproteinka"]
[WhiteTeamCountry "CRO"]
[BlackTeamCountry "CRO"]

1. d4 f5 2. Nf3 Nf6 3. g3 d5 4. c4 c6 5. Bg2 e6 6. 0-0 Be7 7. b3 Ne4 8. Ba3 0-0 9. Bxe7 Qxe7 10. Qc2 Bd7 11. Ne5 Be8 12. Nd2 Nxd2 13. Qxd2 Nd7 14. Nf3 Bf7 15. Rac1 Rfd8 16. Qb2 Re8 17. Rfd1 g5 18. a3 a5 19. Ne5 Nxe5 20. dxe5 Bh5 21. Re1 h6 22. c5 Rf8 23. Qd4 f4 24. e4 f3 25. Bf1 Rad8 26. exd5 Rxd5 27. Qc3 a4 28. Bc4 Rd7 29. Rcd1 Rfd8 30. Rd6 Bg4 31. h3 Bxh3 32. Qxf3 Qf7 33. Qxf7+ Kxf7 34. f3 h5 35. g4 Rxd6 36. exd6 axb3 37. Bxb3 b6 38. cxb6 hxg4 39. Bxe6+ Kf6 40. b7 Rb8 41. Bc8 gxf3 42. Bxh3 Rxb7 43. d7 f2+ 44. Kxf2 Rb2+ 45. Re2 1-0

[Event "Titled Tuesday intern op 06th May Early"]
[Site "Chess.com INT"]
[Date "2025.05.06"]
[Round "9"]
[White "Golubovic, Erik"]
[Black "Jedryczka, Krystian"]
[Result "1-0"]
[WhiteElo "2184"]
[BlackElo "2084"]
[PlyCount "129"]
[EventDate "2025.05.06"]
[EventType "swiss (blitz)"]
[EventRounds "11"]
[EventCountry "USA"]
[SourceTitle "CB20_2025"]
[SourceDate "2025.05.14"]
[SourceVersion "1"]
[SourceVersionDate "2025.05.14"]
[SourceQuality "1"]

1. d4 Nf6 2. c4 g6 3. Nc3 Bg7 4. e4 d6 5. Nf3 0-0 6. h3 Nbd7 7. Be3 c5 8. d5 a6 9. a4 Qa5 10. Bd3 Ne5 11. Nxe5 dxe5 12. 0-0 Nh5 13. Ne2 Rd8 14. Qc2 Qc7 15. a5 Nf4 16. Nc3 Bxh3 17. gxh3 Nxh3+ 18. Kh2 Nf4 19. f3 Qc8 20. Bxf4 exf4 21. Ne2 Be5 22. Rab1 Kh8 23. Nc3 g5 24. Na4 g4 25. Nb6 g3+ 26. Kg2 Qc7 27. Nxa8 Rxa8 28. Rh1 Kg7 29. Rh5 f6 30. Rbh1 Rh8 31. Qa4 h6 32. b3 Bd4 33. b4 cxb4 34. Qxb4 Bc5 35. Qc3 Bd6 36. Rb1 Be5 37. Qb4 Rb8 38. Rhh1 Qd7 39. c5 f5 40. Rbc1 Rc8 41. Qc4 Qc7 42. exf5 Qxa5 43. Qe4 Qd2+ 44. Qe2 Qxe2+ 45. Bxe2 Rd8 46. c6 Rxd5 47. cxb7 Rd2 48. Kf1 Bb8 49. Bxa6 Ra2 50. Be2 g2+ 51. Kxg2 Rxe2+ 52. Kf1 Re3 53. f6+ exf6 54. Rg1+ Kf7 55. Rb1 Rxf3+ 56. Ke2 Rc3 57. Rgd1 Rc2+ 58. Kf3 Rc3+ 59. Kf2 Rc2+ 60. Kf1 f3 61. Rd8 Ba7 62. b8Q Rf2+ 63. Ke1 Re2+ 64. Kd1 Re7 65. Qxa7 1-0

[Event "Titled Tuesday intern op 06th May Early"]
[Site "Chess.com INT"]
[Date "2025.05.06"]
[Round "7"]
[White "Golubovic, Erik"]
[Black "Montero Martinez, Cristian"]
[Result "1-0"]
[WhiteElo "2184"]
[BlackElo "1996"]
[PlyCount "65"]
[EventDate "2025.05.06"]
[EventType "swiss (blitz)"]
[EventRounds "11"]
[EventCountry "USA"]
[SourceTitle "CB20_2025"]
[SourceDate "2025.05.14"]
[SourceVersion "1"]
[SourceVersionDate "2025.05.14"]
[SourceQuality "1"]

1. d4 d6 2. e4 Nf6 3. Nc3 e5 4. Nf3 exd4 5. Nxd4 Be7 6. Be2 0-0 7. 0-0 Re8 8. Re1 Bf8 9. Bf1 Nbd7 10. h3 Nc5 11. Qf3 g6 12. Bg5 Be7 13. Rad1 c6 14. e5 Nd5 15. Bxe7 Qxe7 16. Nxd5 cxd5 17. exd6 Qxe1 18. Rxe1 Rxe1 19. Qc3 Rxf1+ 20. Kxf1 Ne4 21. Qc7 Nf6 22. Qd8+ Kg7 23. Kg1 b6 24. c3 h5 25. a4 Nd7 26. Qc7 Nf6 27. Qc6 Rb8 28. b4 Ba6 29. b5 Rc8 30. bxa6 Rxc6 31. Nxc6 Kf8 32. Nxa7 Ke8 33. Nb5 1-0

[Event "Titled Tuesday intern op 25th Mar Early"]
[Site "Chess.com INT"]
[Date "2025.03.25"]
[Round "5"]
[White "Ghosh, Chanchal Kumer"]
[Black "Golubovic, Erik"]
[Result "0-1"]
[WhiteElo "2018"]
[BlackElo "2219"]
[PlyCount "72"]
[EventDate "2025.03.25"]
[EventType "swiss (blitz)"]
[EventRounds "11"]
[EventCountry "USA"]
[SourceTitle "CB14_2025"]
[SourceDate "2024.11.01"]
[SourceVersion "1"]
[SourceVersionDate "2024.11.01"]
[SourceQuality "1"]

1. e4 c5 2. Nf3 d6 3. d4 cxd4 4. Nxd4 Nf6 5. Nc3 a6 6. Be2 e5 7. Nb3 Be7 8. Be3 Be6 9. 0-0 Nbd7 10. a4 0-0 11. f4 Rc8 12. f5 Bc4 13. a5 h6 14. g4 Bxe2 15. Qxe2 Rxc3 16. bxc3 Nxe4 17. Qd3 Ndf6 18. h4 d5 19. g5 Nh5 20. gxh6 Bxh4 21. hxg7 Re8 22. Bb6 Qg5+ 23. Kh1 Nhg3+ 24. Kh2 Nxf1+ 25. Rxf1 Bg3+ 26. Kg2 Bf2+ 27. Kf3 Bxb6 28. axb6 Nd2+ 29. Ke2 Nxf1 30. Kxf1 Kxg7 31. Qxd5 Qf4+ 32. Ke2 Qxf5 33. Nd2 Rh8 34. Ne4 Rh2+ 35. Kd3 Qf1+ 36. Ke3 Qe2# 0-1

[Event "Titled Tuesday intern op 25th Mar Early"]
[Site "Chess.com INT"]
[Date "2025.03.25"]
[Round "6"]
[White "Golubovic, Erik"]
[Black "Logachiov, Aleksandr"]
[Result "0-1"]
[WhiteElo "2219"]
[BlackElo "2129"]
[PlyCount "64"]
[EventDate "2025.03.25"]
[EventType "swiss (blitz)"]
[EventRounds "11"]
[EventCountry "USA"]
[SourceTitle "CB14_2025"]
[SourceDate "2024.11.01"]
[SourceVersion "1"]
[SourceVersionDate "2024.11.01"]
[SourceQuality "1"]

1. d4 Nf6 2. c4 e6 3. Nf3 b6 4. g3 Ba6 5. Qc2 c5 6. d5 exd5 7. cxd5 Bb7 8. Bg2 Nxd5 9. 0-0 Nc6 10. Rd1 Be7 11. Qf5 Nf6 12. Nc3 d6 13. e4 g6 14. Qf4 0-0 15. e5 dxe5 16. Rxd8 exf4 17. Rxa8 Bxa8 18. Bxf4 Nb4 19. Re1 Bd8 20. Rd1 Re8 21. Ne5 Bxg2 22. Kxg2 Nh5 23. a3 Nc2 24. Nc6 Nxf4+ 25. gxf4 Bf6 26. Nxa7 Bxc3 27. bxc3 Nxa3 28. f5 gxf5 29. Rd6 Nc4 30. Rd7 Re6 31. Nb5 Kg7 32. Kf3 Ne5+ 0-1

[Event "Titled Tuesday intern op 25th Mar Early"]
[Site "Chess.com INT"]
[Date "2025.03.25"]
[Round "9"]
[White "Golubovic, Erik"]
[Black "Tleukhanov, Yerlan"]
[Result "0-1"]
[WhiteElo "2219"]
[BlackElo "2177"]
[PlyCount "106"]
[EventDate "2025.03.25"]
[EventType "swiss (blitz)"]
[EventRounds "11"]
[EventCountry "USA"]
[SourceTitle "CB14_2025"]
[SourceDate "2024.11.01"]
[SourceVersion "1"]
[SourceVersionDate "2024.11.01"]
[SourceQuality "1"]

1. d4 Nf6 2. c4 e6 3. Nf3 d5 4. g3 Bb4+ 5. Bd2 Be7 6. Bg2 0-0 7. 0-0 c6 8. Qc2 Nbd7 9. b3 b6 10. Nc3 Bb7 11. Rfd1 c5 12. cxd5 exd5 13. dxc5 bxc5 14. Rac1 Rc8 15. Bg5 h6 16. Bxf6 Nxf6 17. Ne5 Qc7 18. Nd3 Ne4 19. Nf4 Nxc3 20. Qxc3 d4 21. Qc4 Bxg2 22. Kxg2 Rfd8 23. Kg1 Bg5 24. e3 dxe3 25. fxe3 Re8 26. Rd3 Re5 27. h4 Bxf4 28. exf4 Re7 29. Qd5 Rce8 30. Rdd1 Qb6 31. Qxc5 Re1+ 32. Rxe1 Rxe1+ 33. Kh2 Rxc1 34. Qxc1 Qf2+ 35. Kh3 g6 36. Qc8+ Kh7 37. Qc7 Kg7 38. a4 h5 39. Qc3+ Kg8 40. b4 Qf1+ 41. Kh2 Qf2+ 42. Kh3 Qg1 43. Qc8+ Kh7 44. Qc6 Qf1+ 45. Kh2 Qf2+ 46. Kh3 Qf1+ 47. Qg2 Qa1 48. Qc2 Qh1+ 49. Qh2 Qf1+ 50. Qg2 Qb1 51. b5 Qa1 52. Qc2 Kg7 53. Kh2 Qf1 0-1

[Event "Titled Tuesday intern op 25th Mar Early"]
[Site "Chess.com INT"]
[Date "2025.03.25"]
[Round "10"]
[White "Ivannikov, Maksim"]
[Black "Golubovic, Erik"]
[Result "1-0"]
[WhiteElo "2184"]
[BlackElo "2219"]
[PlyCount "77"]
[EventDate "2025.03.25"]
[EventType "swiss (blitz)"]
[EventRounds "11"]
[EventCountry "USA"]
[SourceTitle "CB14_2025"]
[SourceDate "2024.11.01"]
[SourceVersion "1"]
[SourceVersionDate "2024.11.01"]
[SourceQuality "1"]

1. e4 c5 2. Nf3 d6 3. d4 cxd4 4. Nxd4 Nf6 5. Nc3 a6 6. f3 e5 7. Nb3 Be7 8. Be3 Be6 9. Qd2 h5 10. 0-0-0 Nbd7 11. h3 Rc8 12. f4 b5 13. Kb1 b4 14. Nd5 Nxe4 15. Qxb4 Bxd5 16. Rxd5 Nef6 17. Rd1 0-0 18. Bc1 d5 19. Qe1 exf4 20. Bxf4 Nc5 21. Nxc5 Bxc5 22. Bd3 Qb6 23. Be5 Rfe8 24. Qg3 h4 25. Qg5 Be3 26. Qf5 Rxe5 27. Qxe5 Re8 28. Qf5 Bd4 29. b3 Qb4 30. Qf4 Ne4 31. Bxe4 dxe4 32. Rhf1 Bf6 33. Qd2 Qa3 34. c3 e3 35. Qc1 Qa5 36. Rfe1 e2 37. Rd2 Qf5+ 38. Qc2 Qa5 39. Rdxe2 1-0

[Event "Titled Tuesday intern op 25th Feb Early"]
[Site "Chess.com INT"]
[Date "2025.02.25"]
[Round "4"]
[White "Golubovic, Erik"]
[Black "Teterev, Vitaly"]
[Result "1-0"]
[WhiteElo "2183"]
[BlackElo "2257"]
[PlyCount "59"]
[EventDate "2025.02.25"]
[EventType "swiss (blitz)"]
[EventRounds "11"]
[EventCountry "USA"]
[SourceTitle "CB10_2025"]
[SourceDate "2025.03.05"]
[SourceVersion "1"]
[SourceVersionDate "2025.03.05"]
[SourceQuality "1"]

1. d4 Nf6 2. c4 g6 3. Nc3 Bg7 4. e4 0-0 5. Nf3 d6 6. h3 e5 7. d5 a5 8. Be3 Na6 9. g4 Nd7 10. a3 Nb6 11. Nd2 f5 12. gxf5 gxf5 13. h4 Nc5 14. h5 a4 15. h6 Bf6 16. Bxc5 dxc5 17. Bh3 Bg5 18. Bxf5 Bxf5 19. exf5 Bxd2+ 20. Qxd2 Rxf5 21. Qe2 Kh8 22. 0-0-0 Qg5+ 23. Kb1 Raf8 24. Ne4 Qf4 25. Rh3 Nd7 26. Rg1 b6 27. Rg4 Qxf2 28. Nxf2 Rxf2 29. Qe4 Rf1+ 30. Ka2 1-0

[Event "Titled Tuesday intern op 25th Feb Early"]
[Site "Chess.com INT"]
[Date "2025.02.25"]
[Round "8"]
[White "Kim, Sergey2"]
[Black "Golubovic, Erik"]
[Result "1-0"]
[WhiteElo "2295"]
[BlackElo "2183"]
[PlyCount "99"]
[EventDate "2025.02.25"]
[EventType "swiss (blitz)"]
[EventRounds "11"]
[EventCountry "USA"]
[SourceTitle "CB10_2025"]
[SourceDate "2025.03.05"]
[SourceVersion "1"]
[SourceVersionDate "2025.03.05"]
[SourceQuality "1"]

1. d4 Nf6 2. c4 c5 3. d5 b5 4. cxb5 a6 5. b6 d6 6. Nc3 g6 7. e4 Bg7 8. Be2 0-0 9. Nf3 Nbd7 10. 0-0 Nxb6 11. a4 Rb8 12. Nd2 Qc7 13. a5 Nbd7 14. Nc4 Ne8 15. Bg5 Ne5 16. Qd2 Nxc4 17. Bxc4 Rb4 18. b3 Nf6 19. Bh6 Nd7 20. Bxg7 Kxg7 21. f4 Nf6 22. h3 e6 23. Rfe1 exd5 24. Nxd5 Nxd5 25. Bxd5 Rd4 26. Qc3 Kg8 27. f5 Bb7 28. Bc4 Rxe4 29. Qg3 Qe7 30. Rxe4 Qxe4 31. fxg6 hxg6 32. Re1 Qd4+ 33. Kh2 Kg7 34. Re7 Bc8 35. Bd3 Qf6 36. Ra7 d5 37. Rc7 Bf5 38. Bxf5 Qxf5 39. Rxc5 Qe4 40. Rc6 Rd8 41. Qg5 Re8 42. Qf6+ Kg8 43. Rxa6 d4 44. Rd6 d3 45. Rd7 Rf8 46. a6 Qe2 47. a7 d2 48. a8Q d1Q 49. Qxf8+ Kxf8 50. Qxf7# 1-0

[Event "Titled Tuesday intern op 11th Feb Early"]
[Site "Chess.com INT"]
[Date "2025.02.11"]
[Round "11"]
[White "Bartakke, Aditya"]
[Black "Golubovic, Erik"]
[Result "0-1"]
[WhiteElo "2116"]
[BlackElo "2183"]
[PlyCount "70"]
[EventDate "2025.02.11"]
[EventType "swiss (blitz)"]
[EventRounds "11"]
[EventCountry "USA"]
[SourceTitle "CB09_2025"]
[SourceDate "2025.02.27"]
[SourceVersion "1"]
[SourceVersionDate "2025.02.27"]
[SourceQuality "1"]

1. Nf3 Nf6 2. d4 e6 3. e3 d5 4. Bd3 c5 5. b3 Nc6 6. Bb2 Bd6 7. 0-0 0-0 8. a3 b6 9. Nbd2 Bb7 10. Rc1 Qe7 11. c4 cxd4 12. exd4 Bxa3 13. Bxa3 Qxa3 14. Ne5 dxc4 15. Nexc4 Qe7 16. Nf3 Rfd8 17. Nce5 Nxe5 18. dxe5 Ng4 19. h3 Bxf3 20. Qxf3 Nxe5 21. Bxh7+ Kxh7 22. Qh5+ Kg8 23. Qxe5 Rac8 24. Rfd1 a5 25. Rxd8+ Qxd8 26. Rxc8 Qxc8 27. Qb5 Qd8 28. g3 Qd1+ 29. Kh2 Qd8 30. h4 Kf8 31. h5 Qd6 32. Qg5 Qd5 33. Qg4 Qxb3 34. h6 gxh6 35. Qf4 Kg7 0-1

[Event "Titled Tuesday intern op 11th Feb Early"]
[Site "Chess.com INT"]
[Date "2025.02.11"]
[Round "8"]
[White "Golubovic, Erik"]
[Black "Gazineu Neto, Rubens"]
[Result "1-0"]
[WhiteElo "2183"]
[BlackElo "1960"]
[PlyCount "125"]
[EventDate "2025.02.11"]
[EventType "swiss (blitz)"]
[EventRounds "11"]
[EventCountry "USA"]
[SourceTitle "CB09_2025"]
[SourceDate "2025.02.27"]
[SourceVersion "1"]
[SourceVersionDate "2025.02.27"]
[SourceQuality "1"]

1. d4 d5 2. c4 c6 3. Nf3 Nf6 4. Nc3 dxc4 5. a4 Bf5 6. e3 e6 7. Bxc4 Bb4 8. 0-0 Nbd7 9. Qe2 Ne4 10. Bd3 Ndf6 11. Qc2 Bxc3 12. bxc3 0-0 13. Ba3 Re8 14. Nh4 Qa5 15. Bb4 Qc7 16. f3 Nd6 17. Bxd6 Bxd3 18. Bxc7 Bxc2 19. Rfc1 Bb3 20. Rcb1 Bc4 21. g4 b5 22. axb5 cxb5 23. e4 g5 24. Ng2 a6 25. Ba5 Rec8 26. Ne3 Bd3 27. Rb2 h6 28. Kf2 Bc4 29. Bb4 Nd7 30. h4 Kg7 31. hxg5 hxg5 32. Rh1 Rh8 33. Rxh8 Rxh8 34. Kg2 Ra8 35. Nxc4 bxc4 36. Ra2 Nb6 37. Ra5 Nd7 38. Rxg5+ Kf6 39. Ra5 Ra7 40. Kg3 e5 41. Bc5 Nxc5 42. Rxc5 exd4 43. cxd4 a5 44. Rxc4 a4 45. Rc2 a3 46. Ra2 Ra4 47. d5 Ke5 48. Kf2 Kd4 49. Kg3 Kc3 50. Kf4 Kb3 51. Ra1 Kb2 52. Rd1 a2 53. d6 a1Q 54. Rxa1 Kxa1 55. Kf5 Kb2 56. Kf6 Kc3 57. d7 Rd4 58. Ke7 Kd3 59. d8Q Rxd8 60. Kxd8 Ke3 61. Ke7 Kxf3 62. Kxf7 Kxe4 63. g5 1-0

[Event "Titled Tuesday intern op 04th Feb Early"]
[Site "Chess.com INT"]
[Date "2025.02.04"]
[Round "11"]
[White "Golubovic, Erik"]
[Black "Kalyani, Sirin"]
[Result "1/2-1/2"]
[WhiteElo "2183"]
[BlackElo "2149"]
[PlyCount "58"]
[EventDate "2025.02.04"]
[EventType "swiss (blitz)"]
[EventRounds "11"]
[EventCountry "USA"]
[SourceTitle "CB07_2025"]
[SourceDate "2025.02.12"]
[SourceVersion "1"]
[SourceVersionDate "2025.02.12"]
[SourceQuality "1"]

1. d4 d5 2. c4 dxc4 3. Nf3 Nf6 4. e3 e6 5. Bxc4 c5 6. 0-0 Nc6 7. Bb3 cxd4 8. exd4 Be7 9. Nc3 Nb4 10. Re1 0-0 11. Ne5 Nbd5 12. Bg5 Bd7 13. Qd3 Nb4 14. Qh3 Nfd5 15. Nxd5 Nxd5 16. Bxe7 Nxe7 17. Nxd7 Qxd7 18. Rxe6 Nc6 19. Bc2 h6 20. Bh7+ Kh8 21. Rxh6 Qxh3 22. Rxh3 Nxd4 23. Be4+ Kg8 24. Bxb7 Rab8 25. Be4 Rxb2 26. Bh7+ Kh8 27. Be4+ Kg8 28. Bh7+ Kh8 29. Be4+ Kg8 1/2-1/2

[Event "Titled Tuesday intern op 04th Feb Early"]
[Site "Chess.com INT"]
[Date "2025.02.04"]
[Round "10"]
[White "Golubovic, Erik"]
[Black "Sharshenbekov, Emir"]
[Result "1-0"]
[WhiteElo "2183"]
[BlackElo "2078"]
[PlyCount "71"]
[EventDate "2025.02.04"]
[EventType "swiss (blitz)"]
[EventRounds "11"]
[EventCountry "USA"]
[SourceTitle "CB07_2025"]
[SourceDate "2025.02.12"]
[SourceVersion "1"]
[SourceVersionDate "2025.02.12"]
[SourceQuality "1"]

1. d4 f5 2. Nf3 Nf6 3. g3 g6 4. Bg2 Bg7 5. 0-0 0-0 6. c4 d6 7. Nc3 Qe8 8. Re1 Qf7 9. e4 Nxe4 10. Nxe4 fxe4 11. Rxe4 Nc6 12. d5 Ne5 13. Rf4 Qe8 14. Rxf8+ Qxf8 15. Nxe5 Bxe5 16. Qe2 Bd7 17. Be3 Qg7 18. Re1 b6 19. b3 a5 20. h4 a4 21. b4 a3 22. c5 bxc5 23. bxc5 Bf6 24. Bf3 Qf7 25. Rd1 Rb8 26. c6 Bf5 27. Qa6 Bb2 28. Qb7 Rf8 29. Qxc7 Bc2 30. Bg4 Qf6 31. Rd2 Bb1 32. Qd7 Bxa2 33. c7 Bb1 34. c8Q a2 35. Bh6 a1Q 36. Qe6+ 1-0

[Event "Titled Tuesday intern op 28th Jan Early"]
[Site "Chess.com INT"]
[Date "2025.01.28"]
[Round "5"]
[White "Golubovic, Erik"]
[Black "Nikulina, Alena"]
[Result "1-0"]
[WhiteElo "2183"]
[BlackElo "1875"]
[PlyCount "85"]
[EventDate "2025.01.28"]
[EventType "swiss (blitz)"]
[EventRounds "11"]
[EventCountry "USA"]
[SourceTitle "CB06_2025"]
[SourceDate "2025.02.05"]
[SourceVersion "1"]
[SourceVersionDate "2025.02.05"]
[SourceQuality "1"]

1. d4 d5 2. c4 dxc4 3. Nf3 a6 4. e3 Nf6 5. Bxc4 e6 6. 0-0 b5 7. Bb3 Bb7 8. Nc3 Nbd7 9. e4 Be7 10. e5 Nd5 11. Nxd5 Bxd5 12. Bxd5 exd5 13. Be3 0-0 14. Rc1 Nb6 15. b3 Rc8 16. Qd3 Nd7 17. Rfd1 Re8 18. h3 Nf8 19. Rc6 Ra8 20. Rdc1 Ne6 21. Nd2 Bg5 22. g3 Bxe3 23. Qxe3 a5 24. f4 Ra7 25. f5 Qg5 26. Qxg5 Nxg5 27. h4 Ne4 28. Nxe4 dxe4 29. Rxc7 Raa8 30. Kf2 Kf8 31. Ke3 a4 32. bxa4 Rxa4 33. R1c2 Ra3+ 34. Kxe4 Rxg3 35. Rc8 Rg4+ 36. Kd5 Rxh4 37. Rxe8+ Kxe8 38. Rc8+ Ke7 39. Rb8 Rh2 40. Rb7+ Ke8 41. Kd6 f6 42. Rb8+ Kf7 43. e6# 1-0

[Event "Titled Tuesday intern op 28th Jan Early"]
[Site "Chess.com INT"]
[Date "2025.01.28"]
[Round "11"]
[White "Huseynova, Lala"]
[Black "Golubovic, Erik"]
[Result "0-1"]
[WhiteElo "1972"]
[BlackElo "2183"]
[PlyCount "162"]
[EventDate "2025.01.28"]
[EventType "swiss (blitz)"]
[EventRounds "11"]
[EventCountry "USA"]
[SourceTitle "CB06_2025"]
[SourceDate "2025.02.05"]
[SourceVersion "1"]
[SourceVersionDate "2025.02.05"]
[SourceQuality "1"]

1. e4 c5 2. Nf3 d6 3. d4 cxd4 4. Nxd4 Nf6 5. Nc3 a6 6. Be3 e5 7. Nb3 Be7 8. Be2 Be6 9. Qd2 Nbd7 10. 0-0 0-0 11. f4 Rc8 12. Rad1 b5 13. Bf3 Nb6 14. Nd5 Bxd5 15. exd5 Nc4 16. Qe2 e4 17. Bxe4 Nxe4 18. Bd4 Nf6 19. Rfe1 Re8 20. g4 Bf8 21. Qf3 Rxe1+ 22. Rxe1 Nd7 23. g5 Nc5 24. Nxc5 dxc5 25. Bf2 Nxb2 26. h4 Nc4 27. f5 Nb6 28. Rd1 Qd7 29. h5 Re8 30. d6 Re5 31. g6 Rxf5 32. gxh7+ Kh8 33. Qg4 Rd5 34. Qf3 Rxd1+ 35. Qxd1 Qxd6 36. Qf3 Qe6 37. Qb7 Kxh7 38. Qxa6 Qg4+ 39. Kf1 Nc4 40. Qxb5 Kg8 41. Qe8 Nd2+ 42. Ke1 Qe4+ 43. Qxe4 Nxe4 44. a4 Nxf2 45. Kxf2 Bd6 46. a5 Bc7 47. a6 Bb6 48. Ke3 g6 49. hxg6 fxg6 50. Ke4 Kg7 51. Kd5 c4 52. Kc6 Be3 53. Kd5 c3 54. Ke4 Bb6 55. Kd3 Kf6 56. Kxc3 Ke5 57. Kb4 Kd6 58. Kb5 Bc5 59. Kc4 g5 60. Kd3 Kc6 61. Ke4 Kb6 62. Kf5 Be7 63. Ke6 Bd8 64. c4 Kxa6 65. c5 Kb7 66. Kd7 Bc7 67. c6+ Kb8 68. Ke6 Bf4 69. Kf5 Kc7 70. Kg4 Kxc6 71. Kf5 Kd7 72. Kg4 Ke6 73. Kh5 Kf5 74. Kh6 g4+ 75. Kh7 g3 76. Kh8 g2 77. Kg8 g1Q+ 78. Kf8 Qa7 79. Ke8 Bd6 80. Kd8 Qc7+ 81. Ke8 Qe7# 0-1

[Event "Titled Tuesday intern op 14th Jan Early"]
[Site "Chess.com INT"]
[Date "2025.01.14"]
[Round "10"]
[White "Golubovic, Erik"]
[Black "Winkels, Marcel"]
[Result "1-0"]
[WhiteElo "2183"]
[BlackElo "1890"]
[PlyCount "95"]
[EventDate "2025.01.14"]
[EventType "swiss (blitz)"]
[EventRounds "11"]
[EventCountry "USA"]
[SourceTitle "CB04_2025"]
[SourceDate "2025.01.22"]
[SourceVersion "1"]
[SourceVersionDate "2025.01.22"]
[SourceQuality "1"]

1. d4 Nf6 2. c4 g6 3. Nc3 d5 4. cxd5 Nxd5 5. e4 Nxc3 6. bxc3 Bg7 7. Nf3 c5 8. Be2 Qa5 9. Bd2 0-0 10. 0-0 Bg4 11. h3 Bxf3 12. Bxf3 Nd7 13. e5 Rab8 14. a4 Rfd8 15. Bg5 f6 16. exf6 exf6 17. Be3 Ne5 18. Be2 cxd4 19. cxd4 Nc6 20. Qb3+ Kh8 21. d5 Ne5 22. Rfd1 f5 23. Rab1 Rf8 24. Qb5 Qxb5 25. Rxb5 b6 26. a5 f4 27. Bd4 f3 28. Bxe5 fxe2 29. Bxg7+ Kxg7 30. Re1 Rfe8 31. axb6 Rxb6 32. Ra5 a6 33. Ra2 Rd6 34. Rexe2 Rxe2 35. Rxe2 Rxd5 36. Re7+ Kh6 37. Ra7 Ra5 38. g4 Ra2 39. Kg2 Kg5 40. Rxh7 a5 41. Ra7 a4 42. Kg3 Kf6 43. Ra6+ Kg7 44. f4 a3 45. Kh4 Ra1 46. Kg5 a2 47. Rxg6+ Kf7 48. Ra6 1-0

[Event "Wch U14 blitz"]
[Site "Terme Catez"]
[Date "2024.12.16"]
[Round "22"]
[White "Golubovic, Erik"]
[Black "Nguyen, Vuong Tung Lam"]
[Result "0-1"]
[WhiteElo "2136"]
[BlackElo "2043"]
[PlyCount "87"]
[EventDate "2024.12.16"]
[EventType "swiss (blitz)"]
[EventRounds "22"]
[EventCountry "SLO"]
[SourceTitle "CB51_2024"]
[SourceDate "2024.12.18"]
[SourceVersion "1"]
[SourceVersionDate "2024.12.18"]
[SourceQuality "1"]

1. d4 Nf6 2. c4 g6 3. Nc3 d5 4. cxd5 Nxd5 5. e4 Nxc3 6. bxc3 Bg7 7. Nf3 c5 8. h3 0-0 9. Be2 Nc6 10. Be3 cxd4 11. cxd4 Qa5+ 12. Bd2 Qa3 13. d5 Ne5 14. 0-0 Nxf3+ 15. Bxf3 Bxa1 16. Qxa1 f6 17. Rb1 Re8 18. e5 Bf5 19. Re1 Qd3 20. Rd1 Qa6 21. Bc3 Kg7 22. d6 exd6 23. Rxd6 Qa3 24. exf6+ Kf8 25. Rd4 a5 26. Bb2 Qc5 27. a4 Qe5 28. Rd1 Qf4 29. Bd5 Be6 30. Ba3+ Kg8 31. Bxe6+ Rxe6 32. Be7 Rc8 33. Qa2 Kf7 34. Re1 Qc4 35. Qxc4 Rxc4 36. Rb1 b6 37. Ra1 Rce4 38. Kh2 Re2 39. f3 Rc6 40. Rb1 Rcc2 41. Rxb6 Rxg2+ 42. Kh1 Rgd2 43. Rb1 Ra2 44. Rf1 0-1

[Event "Wch U14 rapid"]
[Site "Terme Catez"]
[Date "2024.12.14"]
[Round "5"]
[White "Golubovic, Erik"]
[Black "Uhryn, Lukasz"]
[Result "1-0"]
[WhiteElo "2146"]
[BlackElo "1965"]
[PlyCount "84"]
[EventDate "2024.12.14"]
[EventType "swiss (rapid)"]
[EventRounds "11"]
[EventCountry "SLO"]
[SourceTitle "CB51_2024"]
[SourceDate "2024.12.18"]
[SourceVersion "1"]
[SourceVersionDate "2024.12.18"]
[SourceQuality "1"]

1. d4 d5 2. c4 dxc4 3. Nf3 Nf6 4. e3 e6 5. Bxc4 a6 6. 0-0 c5 7. Bb3 Be7 8. Nc3 0-0 9. Qe2 b5 10. Rd1 Qb6 11. a4 c4 12. Bc2 Bb7 13. axb5 axb5 14. Rxa8 Bxa8 15. e4 b4 16. Na4 Qa6 17. Nc5 Bxc5 18. dxc5 Qb5 19. Bf4 Na6 20. Bd6 Rd8 21. Nd4 Qb7 22. c6 Qb6 23. e5 Ne8 24. Qxc4 Nxd6 25. exd6 Rxd6 26. Ra1 Nc7 27. Nb5 Rd8 28. Nxc7 Qxc7 29. Be4 g6 30. h4 Rc8 31. Rc1 Qd6 32. h5 Kg7 33. Qa6 Qc7 34. g3 e5 35. Qb5 Qd6 36. Qc4 f5 37. Qa6 Qc7 38. Bd5 Rd8 39. Qb5 Rb8 40. Qc5 b3 41. Ra1 Rc8 42. Ra7 Re8 1-0